000 00281nam a2200121Ia 4500
008 191201s2008 xx 000 0 und d
100 _aNAIR, R K
245 0 _aManagement Information Systems
260 _aN. Delhi
_bPragati
_c2008
300 _a459
650 _aMBA
942 _2ddc
_cBK
999 _c135
_d135